|
|
|
|
| LEADER |
00000cam a22000004a 4500 |
| 001 |
musev2_99556 |
| 003 |
MdBmJHUP |
| 005 |
20230905053433.0 |
| 006 |
m o d |
| 007 |
cr||||||||nn|n |
| 008 |
220219s2022 ilu o 00 0 eng d |
| 020 |
|
|
|a 9781646423385
|
| 020 |
|
|
|z 9781946201003
|
| 035 |
|
|
|a (OCoLC)1296530039
|
| 040 |
|
|
|a MdBmJHUP
|c MdBmJHUP
|
| 100 |
1 |
|
|a Burdge, Rabel J.
|
| 245 |
1 |
2 |
|a A Community Guide to Social Impact Assessment :
|b Fourth Edition
|
| 264 |
|
1 |
|a Chicago :
|b University Press of Colorado,
|c 2022.
|
| 264 |
|
3 |
|a Baltimore, Md. :
|b Project MUSE,
|c 2022
|
| 264 |
|
4 |
|c ©2022.
|
| 300 |
|
|
|a 1 online resource.
|
| 336 |
|
|
|a text
|b txt
|2 rdacontent
|
| 337 |
|
|
|a computer
|b c
|2 rdamedia
|
| 338 |
|
|
|a online resource
|b cr
|2 rdacarrier
|
| 500 |
|
|
|a Description based upon print version of record.
|
| 588 |
|
|
|a Description based on print version record.
|
| 650 |
|
7 |
|a Social prediction.
|2 fast
|0 (OCoLC)fst01122769
|
| 650 |
|
7 |
|a Social indicators.
|2 fast
|0 (OCoLC)fst01122522
|
| 650 |
|
7 |
|a SOCIAL SCIENCE / General
|2 bisacsh
|
| 650 |
|
6 |
|a Prevision sociale.
|
| 650 |
|
6 |
|a Indicateurs sociaux.
|
| 650 |
|
6 |
|a Environnement
|x Politique gouvernementale
|x Aspect social
|x Évaluation.
|
| 650 |
|
6 |
|a Projets de developpement economique
|x Aspect social
|x Évaluation.
|
| 650 |
|
0 |
|a Social prediction.
|
| 650 |
|
0 |
|a Social indicators.
|
| 650 |
|
0 |
|a Environmental policy
|x Social aspects
|x Evaluation.
|
| 650 |
|
0 |
|a Economic development projects
|x Social aspects
|x Evaluation.
|
| 650 |
|
0 |
|a Community development
|x Social aspects
|x Evaluation.
|
| 655 |
|
7 |
|a Electronic books.
|2 local
|
| 710 |
2 |
|
|a Project Muse.
|e distributor
|
| 830 |
|
0 |
|a Book collections on Project MUSE.
|
| 856 |
4 |
0 |
|z Texto completo
|u https://projectmuse.uam.elogim.com/book/99556/
|
| 945 |
|
|
|a Project MUSE - Custom Collection
|